[Event "Velka cena Tabora"]
[Site "?"]
[Date "2018.08.04"]
[Round "8.16"]
[White "Lauko, Marian"]
[Black "Bartos, Alois"]
[Result "0-1"]
[WhiteElo "1853"]
[BlackElo "1971"]
[PlyCount "106"]
[EventDate "2018.??.??"]

1. d4 Nf6 2. c4 c5 3. e3 cxd4 4. exd4 d5 5. c5 g6 6. Nf3 Bg7 7. Bb5+ Bd7 8. Qa4
O-O 9. Bxd7 Nbxd7 10. O-O Qc7 11. Nc3 a6 12. Qb3 e6 13. h3 b6 14. cxb6 Nxb6 15.
Qd1 Ne4 16. Ne2 Rac8 17. Bf4 Qc2 18. b3 Qxd1 19. Rfxd1 Rc2 20. Kf1 Rfc8 21. Ne1
R2c6 22. Be3 Kf8 23. f3 Nd6 24. Nd3 Nd7 25. Rac1 Nf5 26. Bf2 Bh6 27. Rxc6 Rxc6
28. f4 Ke7 29. g4 Nd6 30. Be1 Ne4 31. Rc1 Rxc1 32. Ndxc1 Kd6 33. Nd3 Bg7 34.
Ba5 Kc6 35. a4 f6 36. Ke1 Kb7 37. Kd1 Nb8 38. Be1 Nc6 39. Nc5+ Nxc5 40. dxc5 a5
41. Bc3 e5 42. fxe5 fxe5 43. Bb2 Nb4 44. Bc3 Kc6 45. Nf4 d4 46. Bxb4 axb4 47.
Nd3 e4 48. Nxb4+ Kxc5 49. Nc2 d3 50. Ne3 Kb4 51. g5 Bd4 52. Nc4 e3 53. a5 e2+
0-1

[Event "Velka cena Tabora"]
[Site "?"]
[Date "2018.08.04"]
[Round "8.17"]
[White "Chalupecky, Vladimir"]
[Black "Havluj, Zdenek"]
[Result "0-1"]
[WhiteElo "1943"]
[BlackElo "1873"]
[PlyCount "75"]
[EventDate "2018.??.??"]

1. e4 d6 2. d4 Nf6 3. Nc3 g6 4. Be2 Bg7 5. Be3 Nc6 6. f4 O-O 7. Nf3 Ng4 8. Bg1
Nf6 9. Qd2 Bg4 10. O-O-O a5 11. h3 Bd7 12. g4 b5 13. Bxb5 Nb4 14. Bxd7 Qxd7 15.
a3 Rfb8 16. Qe3 Na6 17. Rd3 c5 18. d5 Qb7 19. Nd1 a4 20. g5 Nd7 21. c3 c4 22.
Rd2 Nac5 23. Rc2 Nd3+ 24. Kd2 Ra6 25. Ke2 Rb6 26. Qd2 N7c5 27. Bxc5 dxc5 28.
Qe3 e6 29. dxe6 Rxe6 30. e5 Bxe5 31. fxe5 Nxe5 32. Nxe5 Qxh1 33. Nf2 Qh2 34.
Kf1 Rxe5 35. Qf3 Rbe8 36. Rc1 Rf5 37. Qg2 Qf4 38. Kg1 0-1

[Event "Velka cena Tabora"]
[Site "?"]
[Date "2018.08.04"]
[Round "8.18"]
[White "Christen, Pierre"]
[Black "Rolinek, Frantisek"]
[Result "1-0"]
[WhiteElo "1923"]
[BlackElo "1849"]
[PlyCount "87"]
[EventDate "2018.??.??"]

1. c4 Nf6 2. g3 e6 3. Bg2 c6 4. Nf3 d5 5. b3 dxc4 6. bxc4 Nbd7 7. O-O Be7 8.
Bb2 O-O 9. Qc2 Qc7 10. Nc3 b6 11. Rac1 Bb7 12. d4 Rac8 13. e4 Rfd8 14. e5 Ne8
15. Rfe1 Nf8 16. Rcd1 Bb4 17. Re4 Bxc3 18. Bxc3 c5 19. Rf4 Bxf3 20. Bxf3 cxd4
21. Rfxd4 Rxd4 22. Rxd4 Qxe5 23. Rd7 Qc5 24. Bd4 Qxc4 25. Qxc4 Rxc4 26. Rd8 f6
27. Be2 Rc1+ 28. Kg2 Nc7 29. Bb2 Rc5 30. Ba3 Kf7 31. Bxc5 bxc5 32. Rc8 Nd5 33.
Rxc5 Nd7 34. Ra5 Ke7 35. Rxa7 Nc3 36. Bf3 Nd5 37. Bxd5 exd5 38. Kf3 Ke6 39. Ke3
f5 40. f4 h6 41. Rxd7 Kxd7 42. Kd4 Kd6 43. a4 g5 44. a5 1-0

[Event "Velka cena Tabora"]
[Site "?"]
[Date "2018.08.04"]
[Round "8.19"]
[White "Bukowska, Katarzyna"]
[Black "Rybin, Jan"]
[Result "1/2-1/2"]
[WhiteElo "1921"]
[BlackElo "1851"]
[PlyCount "40"]
[EventDate "2018.??.??"]

1. e4 c6 2. d4 d5 3. Nd2 dxe4 4. Nxe4 Nd7 5. Nf3 Ngf6 6. Ng3 e6 7. Bd3 c5 8.
O-O cxd4 9. Nxd4 Bc5 10. Nb3 Be7 11. Re1 O-O 12. Bg5 h6 13. Bd2 Qc7 14. Nf5 Bc5
15. Nfd4 a6 16. Qf3 Ne5 17. Qh3 Nxd3 18. Qxd3 Bd6 19. h3 b6 20. Qc3 Bb7 1/2-1/2

[Event "Velka cena Tabora"]
[Site "?"]
[Date "2018.08.04"]
[Round "8.20"]
[White "Flajsman, Pavel"]
[Black "Masek, Jan"]
[Result "0-1"]
[WhiteElo "1828"]
[BlackElo "1909"]
[PlyCount "78"]
[EventDate "2018.??.??"]

1. e4 e5 2. Nf3 Nc6 3. Bc4 Bc5 4. c3 Nf6 5. d4 exd4 6. e5 d5 7. Be2 Ne4 8. cxd4
Bb4+ 9. Bd2 Nxd2 10. Nbxd2 O-O 11. O-O Bf5 12. a3 Be7 13. Nb3 a5 14. Rc1 Qc8
15. Nc5 Nd8 16. Na4 Qb8 17. Qb3 c6 18. Nb6 Ra7 19. Nd2 Ne6 20. Qe3 Qd8 21. Na4
b5 22. Nc3 b4 23. axb4 axb4 24. Nd1 c5 25. Nf3 c4 26. Qd2 Qb6 27. Ne3 Be4 28.
Rfd1 Ra2 29. Nxc4 dxc4 30. Bxc4 Raa8 31. Be2 Rad8 32. Rc4 Bd5 33. Rc2 Bb3 34.
Rcc1 Bxd1 35. Rxd1 Nxd4 36. Nxd4 Bc5 37. e6 fxe6 38. Qe3 Rxd4 39. Rc1 Rd1+ 0-1

[Event "Velka cena Tabora"]
[Site "?"]
[Date "2018.08.02"]
[Round "6.21"]
[White "Bukowska, Katarzyna"]
[Black "Mosnicka, Jan"]
[Result "1/2-1/2"]
[WhiteElo "1921"]
[BlackElo "1836"]
[PlyCount "78"]
[EventDate "2018.??.??"]

1. e4 e5 2. Nf3 Nc6 3. Bb5 a6 4. Ba4 d6 5. Bxc6+ bxc6 6. d4 f6 7. O-O Ne7 8.
Nc3 Ng6 9. Ne2 Be7 10. Ng3 Bg4 11. h3 Bxf3 12. Qxf3 exd4 13. Nf5 O-O 14. Nxd4
Qd7 15. Nf5 Rfe8 16. Bd2 Bf8 17. Rfe1 d5 18. Bc3 Re6 19. Red1 Rd8 20. Rd2 Rxe4
21. Qxe4 dxe4 22. Rxd7 Rxd7 23. Re1 Ne7 24. Nxe7+ Rxe7 25. Bb4 Re8 26. Bxf8
Kxf8 27. Re3 f5 28. Ra3 Rb8 29. Rxa6 Rxb2 30. Rxc6 Rxa2 31. Rxc7 Ra1+ 32. Kh2
Rf1 33. Kg3 g5 34. Rc5 f4+ 35. Kg4 Rxf2 36. Kxg5 e3 37. Re5 Rxg2+ 38. Kxf4 Rxc2
39. Rxe3 Kf7 1/2-1/2

[Event "Velka cena Tabora"]
[Site "?"]
[Date "2018.08.02"]
[Round "6.22"]
[White "Krbusik, Marian"]
[Black "Vasicek, Milan"]
[Result "1-0"]
[WhiteElo "1902"]
[BlackElo "1630"]
[PlyCount "105"]
[EventDate "2018.??.??"]

1. c4 Nf6 2. Nc3 e5 3. g3 Bc5 4. Bg2 Nc6 5. e3 O-O 6. Nge2 d6 7. O-O Bg4 8. d3
Qd7 9. a3 a6 10. b4 Ba7 11. Qd2 Rab8 12. Bb2 Ne7 13. d4 exd4 14. Nxd4 c5 15.
Nc2 Ng6 16. Nd5 Nxd5 17. Bxd5 Rbe8 18. Qc3 Ne5 19. f4 cxb4 20. axb4 b5 21. fxe5
dxe5 22. Rxa6 Be2 23. Rfa1 Bb8 24. Bc6 Qf5 25. e4 Qg5 26. Bxe8 Rxe8 27. Qe3 Qh5
28. c5 Rd8 29. Ne1 g6 30. Rf6 Bc7 31. Rf2 Bc4 32. Rd2 Re8 33. Nf3 Qg4 34. Kg2
Be6 35. Ng5 Bc4 36. h3 Qc8 37. Nf3 Kg7 38. Nh4 f6 39. Nf3 Qe6 40. Ra7 Re7 41.
Ra1 Qc8 42. Rad1 Qe8 43. g4 Qc8 44. c6 Be6 45. Nh2 Qb8 46. Qc5 Kf7 47. Nf3 Bb6
48. Qxb5 Qa7 49. Rf1 Bc8 50. Qd5+ Kg7 51. g5 Be6 52. gxf6+ Kh8 53. fxe7 1-0

[Event "Velka cena Tabora"]
[Site "?"]
[Date "2018.08.02"]
[Round "6.23"]
[White "Toman, Antonin"]
[Black "Tesar, Jan"]
[Result "0-1"]
[WhiteElo "1816"]
[BlackElo "2047"]
[PlyCount "70"]
[EventDate "2018.??.??"]

1. e4 c5 2. b3 d6 3. Bb2 e5 4. Bc4 Nf6 5. d3 g6 6. Nc3 Bg7 7. Nge2 O-O 8. O-O
Nc6 9. h3 a6 10. a4 Nd4 11. f4 Rb8 12. a5 Nc6 13. fxe5 dxe5 14. Na4 Nd7 15. Ba3
Qe7 16. Qe1 Nb4 17. Qd2 Qd6 18. c3 Nc6 19. Qe3 Nxa5 20. Nxc5 Nxc4 21. dxc4 Re8
22. Rad1 Qc6 23. Nxd7 Bxd7 24. Qf2 Be6 25. Ng3 a5 26. Rd6 Qc8 27. Rb6 a4 28.
bxa4 Qxc4 29. Bb4 Red8 30. Qc2 Bh6 31. Rb5 Rd2 32. Qb1 Bf4 33. Rxf4 exf4 34.
Nf1 Rd7 35. Rc5 Qe2 0-1

[Event "Velka cena Tabora"]
[Site "?"]
[Date "2018.08.02"]
[Round "6.24"]
[White "Valtr, Filip"]
[Black "Brom, Jiri"]
[Result "0-1"]
[WhiteElo "1800"]
[BlackElo "2009"]
[PlyCount "50"]
[EventDate "2018.??.??"]

1. d4 Nf6 2. Nf3 c5 3. c4 e6 4. Nc3 cxd4 5. Nxd4 a6 6. a3 d5 7. e3 Be7 8. Be2
dxc4 9. Bxc4 b5 10. Be2 Bb7 11. Bf3 Qb6 12. O-O O-O 13. Qe2 Nbd7 14. Rd1 Rac8
15. Bxb7 Qxb7 16. e4 Nb6 17. Bg5 h6 18. Bf4 Rfd8 19. Rd3 Nc4 20. e5 Nd5 21.
Nxd5 Rxd5 22. Qg4 Nxe5 23. Bxe5 Rxe5 24. Rad1 Qe4 25. Qh3 Qe1+ 0-1

[Event "Velka cena Tabora"]
[Site "?"]
[Date "2018.08.02"]
[Round "6.25"]
[White "Odehnal, Jaroslav"]
[Black "Habada, Jindrich"]
[Result "1-0"]
[WhiteElo "1974"]
[BlackElo "1803"]
[PlyCount "73"]
[EventDate "2018.??.??"]

1. d4 Nf6 2. Nf3 d5 3. c4 e6 4. Nc3 b6 5. cxd5 Nxd5 6. e4 Nxc3 7. bxc3 Bb7 8.
Bd3 c5 9. O-O Nd7 10. Bb2 Be7 11. Re1 O-O 12. Qb3 Nf6 13. Rad1 Qc7 14. h3 Rac8
15. c4 cxd4 16. Nxd4 Rfd8 17. Nf3 h6 18. Rc1 Nd7 19. Qc3 Bf6 20. e5 Be7 21. Bb1
Nf8 22. Nd4 Bc5 23. Nb5 Qe7 24. Qg3 Bc6 25. Nd6 Rc7 26. Ba3 Bxa3 27. Qxa3 Qg5
28. Be4 Bxe4 29. Rxe4 Ng6 30. Rce1 Qe7 31. f4 Rc5 32. Qg3 Qh4 33. Qxh4 Nxh4 34.
Nb7 Rd2 35. Nxc5 Rxg2+ 36. Kf1 bxc5 37. f5 1-0

[Event "Velka cena Tabora"]
[Site "?"]
[Date "2018.08.02"]
[Round "6.26"]
[White "Nechutny, Michal"]
[Black "Hercik, Josef"]
[Result "1-0"]
[WhiteElo "1746"]
[BlackElo "1871"]
[PlyCount "34"]
[EventDate "2018.??.??"]

1. e4 e5 2. Nf3 d6 3. d4 Nd7 4. dxe5 dxe5 5. Nc3 c6 6. Bc4 Be7 7. O-O Ngf6 8.
h3 O-O 9. a3 b5 10. Ba2 Qc7 11. Bg5 Nc5 12. Qe2 Be6 13. Bxe6 Nxe6 14. Be3 h6
15. Nd2 g5 16. g3 Rad8 17. Nb3 Nd4 {Necitelny zapis} 1-0

[Event "Velka cena Tabora"]
[Site "?"]
[Date "2018.08.02"]
[Round "6.27"]
[White "Trcka, Bohdan"]
[Black "Placer, Sebastian"]
[Result "0-1"]
[WhiteElo "1564"]
[BlackElo "1868"]
[PlyCount "166"]
[EventDate "2018.??.??"]

1. e4 e6 2. Be2 d5 3. e5 c5 4. d3 Nc6 5. f4 Nge7 6. c3 Nf5 7. Nf3 Nh4 8. g3
Nxf3+ 9. Bxf3 Be7 10. h4 Qb6 11. Qb3 Qxb3 12. axb3 Bd7 13. Na3 O-O-O 14. Nc2 f6
15. d4 fxe5 16. dxe5 Rhf8 17. O-O Kb8 18. Be3 b6 19. Ra2 Be8 20. Rfa1 Rd7 21.
Be2 Rc7 22. Bb5 Na5 23. Bxe8 Rxe8 24. Ra3 d4 25. Bd2 c4 26. b4 Nb3 27. Rd1 Rd7
28. Be1 Red8 29. Ra2 dxc3 30. Rxd7 Rxd7 31. bxc3 Rd1 32. Kf2 Nc1 33. Ra1 Nd3+
34. Ke2 Rxa1 35. Nxa1 Kc7 36. Bd2 Kc6 37. Nc2 a5 38. Nd4+ Kd7 39. bxa5 bxa5 40.
Kd1 Bc5 41. Kc2 h5 42. f5 exf5 43. Nxf5 g6 44. Nd4 Nxe5 45. Ne2 Ke6 46. Nd4+
Bxd4 47. cxd4 Nf3 48. Bxa5 Nxd4+ 49. Kc3 Ne2+ 50. Kxc4 Nxg3 51. Kd3 Kf5 52. Ke3
Kg4 53. Be1 Nf5+ 54. Kf2 Nxh4 55. Ba5 Nf5 56. Kg2 Ne7 57. Bc7 Nd5 58. Bd6 Nf4+
59. Kh2 g5 60. Be7 Ng6 61. Bd8 Kf5 62. Kg3 h4+ 63. Kh3 g4+ 64. Kg2 Nf4+ 65. Kh1
h3 66. Bh4 Ne2 67. Kh2 Kf4 68. Bf2 Kf3 69. Bh4 Nd4 70. Bg3 Nf5 71. Bb8 Ne3 72.
Bc7 Nf1+ 73. Kg1 g3 74. Kh1 g2+ 75. Kg1 h2+ 76. Bxh2 Nxh2 77. Kxh2 Kf2 78. Kh3
g1=Q 79. Kh4 Kf3 80. Kh5 Kf4 81. Kh6 Kf5 82. Kh7 Kf6 83. Kh6 Qg6# 0-1

[Event "Velka cena Tabora"]
[Site "?"]
[Date "2018.08.02"]
[Round "6.28"]
[White "Van Nieuwenhuizen, Hans"]
[Black "Sedivy, Karel"]
[Result "1-0"]
[WhiteElo "1864"]
[BlackElo "1741"]
[PlyCount "49"]
[EventDate "2018.??.??"]

1. e4 g6 2. d4 Bg7 3. c4 d6 4. Nc3 Nf6 5. Nf3 O-O 6. Be2 Nbd7 7. O-O c5 8. d5
a6 9. Qc2 Ng4 10. h3 Nge5 11. Ne1 Nb6 12. b3 f5 13. f4 Nf7 14. Bd3 Nh6 15. e5
dxe5 16. fxe5 Nd7 17. Nf3 Kh8 18. Bf4 Qa5 19. Rac1 Ng8 20. Qd2 h6 21. e6 Ndf6
22. Ne5 Nh5 23. Nxg6+ Kh7 24. Nxf8+ Bxf8 25. Bxf5+ 1-0

[Event "Velka cena Tabora"]
[Site "?"]
[Date "2018.08.02"]
[Round "6.29"]
[White "Varga, Hynek"]
[Black "Plasil, Vojtech"]
[Result "0-1"]
[WhiteElo "1473"]
[BlackElo "1859"]
[PlyCount "96"]
[EventDate "2018.??.??"]

1. e4 d5 2. exd5 Qxd5 3. Nc3 Qa5 4. g3 Nf6 5. Bg2 c6 6. Nge2 e5 7. O-O Be7 8.
d4 exd4 9. Nxd4 O-O 10. Nb3 Qf5 11. Qe2 Bd8 12. Ne4 Bc7 13. Nxf6+ Qxf6 14. c3
Nd7 15. Be3 Bb6 16. Bd4 Bxd4 17. Nxd4 Nc5 18. Rfe1 Ne6 19. Nxe6 Bxe6 20. Qc2 g6
21. b3 h5 22. c4 h4 23. Qe4 Kg7 24. Qe5 hxg3 25. hxg3 Qxe5 26. Rxe5 Rad8 27.
Re2 Rd4 28. Kf1 Rfd8 29. Rae1 a5 30. Re4 Rd2 31. R4e2 a4 32. Rxd2 Rxd2 33. Re2
Rd3 34. Re3 axb3 35. Rxd3 Bxc4 36. axb3 Bxd3+ 37. Ke1 Bc2 38. b4 Bb3 39. Kd2
Kf6 40. Kc3 Bd5 41. Bxd5 cxd5 42. Kd4 Ke6 43. f4 b6 44. b5 Kd6 45. g4 f6 46. g5
f5 47. Kd3 Kc5 48. Kc3 d4+ 0-1

[Event "Velka cena Tabora"]
[Site "?"]
[Date "2018.08.02"]
[Round "6.30"]
[White "Zidu, Jan"]
[Black "Vavrousek, Petr"]
[Result "1-0"]
[WhiteElo "1913"]
[BlackElo "1686"]
[PlyCount "111"]
[EventDate "2018.??.??"]

1. d4 d5 2. Bf4 Nf6 3. Nf3 Nbd7 4. c3 e6 5. h3 c5 6. e3 Be7 7. Nbd2 cxd4 8.
exd4 O-O 9. Bd3 Re8 10. O-O Nf8 11. Re1 Ng6 12. Bh2 Bd6 13. Ne5 Qc7 14. f4 Nd7
15. Ndf3 Qd8 16. Kh1 Ndxe5 17. fxe5 Be7 18. Qc2 a6 19. Rf1 Bd7 20. a4 Rc8 21.
Bg3 h6 22. Bxg6 fxg6 23. Qxg6 Rf8 24. a5 Rf5 25. Nh2 Rc6 26. Qg4 Rg5 27. Qf3
Be8 28. Bh4 Rf5 29. Bxe7 Qxe7 30. Qe3 Rxf1+ 31. Rxf1 Qd8 32. Ra1 Bg6 33. Ng4
Rc7 34. Nf2 Rf7 35. Nd3 Qh4 36. Nc5 Rf2 37. b4 Bf5 38. Kh2 g5 39. Qg3 Qxg3+ 40.
Kxg3 Rc2 41. Ra3 h5 42. Kf3 Kf7 43. g4 Bg6 44. Nxb7 Rh2 45. Nd6+ Ke7 46. Kg3
Rd2 47. b5 h4+ 48. Kf3 axb5 49. a6 Rd3+ 50. Kf2 b4 51. Ra5 bxc3 52. a7 c2 53.
a8=Q Rd2+ 54. Kf3 Rd3+ 55. Ke2 c1=N+ 56. Ke1 1-0

[Event "Velka cena Tabora"]
[Site "?"]
[Date "2018.08.03"]
[Round "7.21"]
[White "Plasil, Vojtech"]
[Black "Bukowska, Katarzyna"]
[Result "1/2-1/2"]
[WhiteElo "1859"]
[BlackElo "1921"]
[PlyCount "45"]
[EventDate "2018.??.??"]

1. e4 e5 2. Nf3 Nc6 3. d4 exd4 4. Nxd4 Bb4+ 5. c3 Bc5 6. Be3 Bb6 7. Be2 d6 8.
O-O Nge7 9. c4 O-O 10. Nc3 Re8 11. a3 Nxd4 12. Bxd4 Bxd4 13. Qxd4 Nc6 14. Qd2
Be6 15. Rad1 Qe7 16. Rfe1 Ne5 17. b3 Qh4 18. Qe3 Nd7 19. Qg3 Qxg3 20. hxg3 a6
21. f3 Nc5 22. b4 Nd7 23. Bf1 1/2-1/2

[Event "Velka cena Tabora"]
[Site "?"]
[Date "2018.08.03"]
[Round "7.22"]
[White "Hasek, Vaclav"]
[Black "Nechutny, Michal"]
[Result "1-0"]
[WhiteElo "1913"]
[BlackElo "1746"]
[PlyCount "31"]
[EventDate "2018.??.??"]

1. Nf3 Nf6 2. d4 g6 3. c4 Bg7 4. g3 d6 5. Bg2 O-O 6. O-O Nbd7 7. Nc3 e5 8. b3
Re8 9. Qc2 c6 10. Rd1 Qe7 11. e4 exd4 12. Nxd4 Ne5 13. f3 a5 14. Bf4 Nfd7 15.
Qd2 Qd8 16. Qe3 {Necitelny zapis} 1-0

[Event "Velka cena Tabora"]
[Site "?"]
[Date "2018.08.03"]
[Round "7.23"]
[White "Janousek, Petr"]
[Black "Chalupecky, Vladimir"]
[Result "0-1"]
[WhiteElo "1659"]
[BlackElo "1943"]
[PlyCount "74"]
[EventDate "2018.??.??"]

1. d4 d6 2. Nf3 Nf6 3. c4 Nbd7 4. Nc3 e5 5. g3 Be7 6. Bg2 c6 7. O-O O-O 8. e4
Qc7 9. h3 Re8 10. Be3 b6 11. Rc1 a6 12. b3 Nf8 13. Nh4 Ne6 14. b4 exd4 15. Bxd4
Nxd4 16. Qxd4 a5 17. b5 c5 18. Qd2 Ra7 19. Nf5 Bf8 20. Ne3 Bb7 21. Ned5 Qd8 22.
Rfe1 h5 23. f4 g6 24. Rcd1 Bg7 25. a4 Nxd5 26. Nxd5 Bd4+ 27. Kh2 Bxd5 28. exd5
Rae7 29. Bf3 h4 30. Rxe7 Qxe7 31. Qd3 hxg3+ 32. Kxg3 Be3 33. h4 Qf6 34. Rf1
Bxf4+ 35. Kh3 Re3 36. Qd2 Qf5+ 37. Kg2 Rxf3 0-1

[Event "Velka cena Tabora"]
[Site "?"]
[Date "2018.08.03"]
[Round "7.24"]
[White "Matejka, Radek"]
[Black "Tumova, Anna"]
[Result "0-1"]
[WhiteElo "1923"]
[BlackElo "1648"]
[PlyCount "95"]
[EventDate "2018.??.??"]

1. d4 Nf6 2. Bg5 d5 3. Nd2 Bf5 4. Ngf3 h6 5. Bf4 Nbd7 6. e3 e6 7. Be2 c5 8. c3
Be7 9. h3 Qb6 10. Qb3 c4 11. Qxb6 axb6 12. Ne5 b5 13. O-O b4 14. Nxd7 Kxd7 15.
Nb1 b5 16. cxb4 Bxb4 17. a3 Ra7 18. f3 Rha8 19. e4 dxe4 20. Bc1 exf3 21. Bxf3
Rc8 22. Nc3 Bxc3 23. bxc3 Ke8 24. Re1 Kf8 25. Re5 Ra5 26. Bf4 Nd7 27. Ree1 Ra7
28. Ra2 e5 29. Bxe5 Nxe5 30. Rxe5 Bd7 31. Kh2 Re8 32. Rxe8+ Kxe8 33. Kg3 Ke7
34. Bd5 f6 35. Kf4 Kd6 36. Be4 Be6 37. h4 g5+ 38. hxg5 hxg5+ 39. Kf3 f5 40. Bc2
Kd5 41. Bd1 b4 42. cxb4 Kxd4 43. a4 c3 44. Rc2 Bd5+ 45. Kg3 Be4 46. b5 Kc5 47.
Ra2 Rd7 48. Kf2 0-1

[Event "Velka cena Tabora"]
[Site "?"]
[Date "2018.08.03"]
[Round "7.25"]
[White "Vasicek, Milan"]
[Black "Zidu, Jan"]
[Result "1/2-1/2"]
[WhiteElo "1630"]
[BlackElo "1913"]
[PlyCount "74"]
[EventDate "2018.??.??"]

1. d4 Nf6 2. c4 e6 3. Nc3 Bb4 4. Bd2 O-O 5. Nf3 b6 6. g3 c5 7. dxc5 bxc5 8. Bg2
Bb7 9. O-O Nc6 10. Qc2 Qe7 11. Bf4 d5 12. cxd5 exd5 13. Nb5 Ne4 14. Nc7 Rad8
15. a3 Ba5 16. Qb3 Bxc7 17. Qxb7 Bxf4 18. Qxc6 Qd6 19. Qa4 Bh6 20. Rfd1 Qb6 21.
Rab1 g6 22. e3 Bg7 23. Nd2 Nxd2 24. Rxd2 d4 25. exd4 Rxd4 26. Rxd4 Bxd4 27. Qc4
Qf6 28. Qe2 Rb8 29. b4 Kg7 30. b5 c4 31. Qxc4 Bxf2+ 32. Kh1 Qd4 33. Qxd4+ Bxd4
34. a4 a6 35. Bc6 axb5 36. Bxb5 Kf6 37. Re1 Bc3 1/2-1/2

[Event "Velka cena Tabora"]
[Site "?"]
[Date "2018.08.03"]
[Round "7.26"]
[White "Stastna, Martina"]
[Black "Sourek, Martin"]
[Result "0-1"]
[WhiteElo "1531"]
[BlackElo "1872"]
[PlyCount "86"]
[EventDate "2018.??.??"]

1. e4 c6 2. d4 d5 3. Nc3 dxe4 4. Nxe4 Bf5 5. Ng3 Bg6 6. Nf3 Nd7 7. Nh4 e6 8.
Nxg6 hxg6 9. Bd3 Ngf6 10. Bg5 Qa5+ 11. Bd2 Qd5 12. f3 Bd6 13. Ne2 Rxh2 14. Rxh2
Bxh2 15. Kf2 Bc7 16. Qh1 O-O-O 17. c4 Qh5 18. Qxh5 gxh5 19. b4 e5 20. Be3 Kb8
21. a4 exd4 22. Nxd4 Ne5 23. Bf1 Nfd7 24. c5 Nf6 25. b5 Nd5 26. Bd2 Nb6 27.
Nxc6+ Nxc6 28. cxb6 Bxb6+ 29. Ke1 Nd4 30. Rc1 Bc7 31. Bc4 Bg3+ 32. Kd1 Ne6 33.
Kc2 Rxd2+ 34. Kxd2 Bf4+ 35. Kd1 Bxc1 36. Kxc1 Kc7 37. Kc2 Kd6 38. Kc3 Ke5 39.
g3 g5 40. a5 b6 41. a6 h4 42. gxh4 gxh4 43. Bf1 Nf4 0-1

[Event "Velka cena Tabora"]
[Site "?"]
[Date "2018.08.03"]
[Round "7.27"]
[White "Otradovec, Lubos"]
[Black "Cernik, Rudolf"]
[Result "1-0"]
[WhiteElo "1871"]
[BlackElo "1268"]
[PlyCount "49"]
[EventDate "2018.??.??"]

1. e4 e5 2. d4 exd4 3. c3 Nc6 4. Nf3 d5 5. exd5 Qxd5 6. cxd4 Bg4 7. Be2 Nf6 8.
Nc3 Bb4 9. O-O Qd8 10. Be3 O-O 11. h3 Bh5 12. Rc1 h6 13. Qb3 Bxc3 14. bxc3 Rb8
15. Rcd1 Re8 16. c4 b6 17. Rfe1 Qc8 18. Bf4 Re7 19. d5 Na5 20. Qc2 Nb7 21. Ne5
Bxe2 22. Rxe2 Re8 23. Rde1 Ra8 24. Nc6 Qd7 25. Re7 1-0

[Event "Velka cena Tabora"]
[Site "?"]
[Date "2018.08.03"]
[Round "7.28"]
[White "Nagyova, Daniela"]
[Black "Lauko, Marian"]
[Result "0-1"]
[WhiteElo "1238"]
[BlackElo "1853"]
[PlyCount "140"]
[EventDate "2018.??.??"]

1. e4 e6 2. d4 d5 3. e5 c5 4. c3 Nc6 5. Nf3 Qb6 6. a3 a5 7. Bd3 Bd7 8. Bc2 Nge7
9. O-O Ng6 10. Re1 Be7 11. Qd2 c4 12. Ng5 Qd8 13. Re2 a4 14. Bd1 Na5 15. Qe3
Nb3 16. Bxb3 cxb3 17. Nf3 Bb5 18. Re1 Rc8 19. Nbd2 Rc6 20. Nf1 Nh4 21. Ng3
Nxf3+ 22. Qxf3 g6 23. Qg4 h5 24. Qf4 h4 25. Nf1 Bd3 26. Ne3 Bf5 27. Nxf5 gxf5
28. Qf3 Kd7 29. Qd3 Rc4 30. Bf4 Qg8 31. Re3 Qg4 32. Rf3 Rg8 33. g3 b5 34. Kg2
h3+ 35. Kf1 Kc6 36. Ke1 Kb6 37. Kf1 Qh5 38. Ke1 Rg4 39. Kf1 Qg6 40. Ke1 Rc8 41.
Kf1 Rg8 42. Re1 Qh7 43. Ra1 R8g6 44. Re1 Qg7 45. Ra1 Qf8 46. Ke1 Qg7 47. Kf1
Bd8 48. Re1 Bc7 49. Ra1 Ka5 50. Re1 Qg8 51. Ra1 Bd8 52. Re1 Be7 53. Ra1 Qf8 54.
Qd2 Kb6 55. Qd3 Qc8 56. Rd1 Rg8 57. Re1 Rd8 58. Rd1 Qc4 59. Ke2 Kc6 60. Rd2
Rdg8 61. Rd1 Rb8 62. Rd2 Bg5 63. Bxg5 Rxg5 64. Rf4 Rh8 65. Qxc4+ dxc4 66. f3
Kd5 67. Ke3 Rxg3 68. Rf2 Rg2 69. Ke2 Rhg8 70. Rxg2 hxg2 0-1

[Event "Velka cena Tabora"]
[Site "?"]
[Date "2018.08.03"]
[Round "7.29"]
[White "Havelka, Stanislav"]
[Black "Kuta, Miroslav"]
[Result "1/2-1/2"]
[WhiteElo "1000"]
[BlackElo "1725"]
[PlyCount "22"]
[EventDate "2018.??.??"]

1. e4 c6 2. d4 d5 3. exd5 cxd5 4. c4 Nf6 5. Nc3 Nc6 6. Nf3 Bg4 7. cxd5 Nxd5 8.
Qb3 Bxf3 9. gxf3 e6 10. Qxb7 Nxd4 11. Bb5+ Nxb5 1/2-1/2

[Event "Velka cena Tabora"]
[Site "?"]
[Date "2018.08.03"]
[Round "7.30"]
[White "Hercik, Josef"]
[Black "Svec, Vitezslav"]
[Result "1/2-1/2"]
[WhiteElo "1871"]
[BlackElo "1632"]
[PlyCount "118"]
[EventDate "2018.??.??"]

1. d4 d5 2. Nf3 e6 3. Bf4 c5 4. e3 Qb6 5. b3 cxd4 6. exd4 Bd6 7. Bxd6 Qxd6 8.
Bd3 Nc6 9. O-O Nf6 10. Re1 O-O 11. c3 b6 12. Nbd2 Bb7 13. Ne5 Rac8 14. Re3 Ne7
15. f4 Rc7 16. g4 Nd7 17. Qf3 f6 18. Nxd7 Qxd7 19. Qh3 g6 20. Rae1 Rxc3 21.
Bxg6 Nxg6 22. Rxc3 Nxf4 23. Qe3 e5 24. Kf2 exd4 25. Qxd4 Ne6 26. Qd3 d4 27.
Rxe6 Qxe6 28. Qxd4 Qe7 29. Qc4+ Rf7 30. Re3 Qd7 31. Rd3 Qc6 32. Qxc6 Bxc6 33.
Rd6 Bb7 34. Nc4 f5 35. g5 Be4 36. a3 Rc7 37. Ke3 Bc2 38. Kf4 Bxb3 39. Ne5 Bc2
40. h4 b5 41. h5 Kf8 42. Rf6+ Kg8 43. Rc6 Rxc6 44. Nxc6 a6 45. Nb4 Bd1 46. Nxa6
Bxh5 47. Kxf5 Kf7 48. Nc5 Ke7 49. Ke5 Kf7 50. Ne6 Kg6 51. Kf4 Be2 52. Nd4 Bf1
53. Nc6 Be2 54. Ne5+ Kg7 55. Ke4 Bf1 56. Kd4 Be2 57. Ke3 Bf1 58. Kf2 Bh3 59.
Kg3 Bf1 1/2-1/2

[Event "Velka cena Tabora"]
[Site "?"]
[Date "2018.08.04"]
[Round "8.22"]
[White "Van Nieuwenhuizen, Hans"]
[Black "Brom, Jiri"]
[Result "1/2-1/2"]
[WhiteElo "1864"]
[BlackElo "2009"]
[PlyCount "23"]
[EventDate "2018.??.??"]

1. e4 c5 2. c3 Nf6 3. e5 Nd5 4. d4 cxd4 5. cxd4 e6 6. Nc3 Nxc3 7. bxc3 Qc7 8.
Bd2 b6 9. f4 Bb7 10. Nf3 d6 11. Bd3 g6 12. O-O 1/2-1/2

[Event "Velka cena Tabora"]
[Site "?"]
[Date "2018.08.04"]
[Round "8.23"]
[White "Rolinek, Dominik"]
[Black "Nechutny, Michal"]
[Result "1-0"]
[WhiteElo "2004"]
[BlackElo "1746"]
[PlyCount "65"]
[EventDate "2018.??.??"]

1. d4 Nf6 2. Nf3 g6 3. Bf4 Bg7 4. Nc3 d6 5. h3 Nbd7 6. e4 O-O 7. Bd3 Nh5 8. Be3
e5 9. d5 Nc5 10. g4 Nxd3+ 11. Qxd3 Nf6 12. O-O-O a6 13. Rdg1 b5 14. Ne2 b4 15.
g5 Nh5 16. Ng3 Nxg3 17. Rxg3 a5 18. h4 a4 19. h5 Bh8 20. Nh2 Qe7 21. Ng4 Bxg4
22. Rxg4 b3 23. a3 bxc2 24. Rgh4 Qd7 25. hxg6 fxg6 26. Rxh7 Qxh7 27. Rxh7 Kxh7
28. Qxc2 Rf7 29. Qc6 Rc8 30. Qa6 Rd8 31. Qxa4 Kg8 32. Qc6 Re7 33. a4 1-0

[Event "Velka cena Tabora"]
[Site "?"]
[Date "2018.08.04"]
[Round "8.24"]
[White "Zidu, Jan"]
[Black "Sedivy, Karel"]
[Result "1-0"]
[WhiteElo "1913"]
[BlackElo "1741"]
[PlyCount "73"]
[EventDate "2018.??.??"]

1. e4 g6 2. d4 Bg7 3. Be3 d6 4. Bc4 Nf6 5. Nc3 O-O 6. f3 c6 7. Bb3 Qa5 8. Qd2
Be6 9. Bxe6 fxe6 10. Nge2 Nbd7 11. Nf4 Kf7 12. Nh3 Kg8 13. Ng5 Bh6 14. Nxe6
Bxe3 15. Qxe3 Rf7 16. O-O Qh5 17. Ne2 Nf8 18. Ng3 Qh4 19. Ng5 Qh6 20. Rfe1 Rg7
21. Qb3+ d5 22. Qxb7 Rd8 23. Nh3 dxe4 24. Nxe4 Nxe4 25. Rxe4 g5 26. Rxe7 Rd7
27. Qb3+ Kh8 28. Rxd7 Nxd7 29. Re1 Nf6 30. Qb8+ Rg8 31. Qd6 g4 32. fxg4 Rxg4
33. Re8+ Kg7 34. Qf8+ Kg6 35. Qxh6+ Kxh6 36. Re6 Kg6 37. c3 1-0

[Event "Velka cena Tabora"]
[Site "?"]
[Date "2018.08.04"]
[Round "8.25"]
[White "Hak, David"]
[Black "Vavrousek, Petr"]
[Result "1/2-1/2"]
[WhiteElo "1886"]
[BlackElo "1686"]
[PlyCount "69"]
[EventDate "2018.??.??"]

1. e4 e6 2. d4 d5 3. exd5 exd5 4. c4 Bb4+ 5. Nc3 Qe7+ 6. Be3 Nf6 7. a3 Bxc3+ 8.
bxc3 O-O 9. Be2 b6 10. Nf3 Ba6 11. Ne5 dxc4 12. Bf3 c6 13. O-O Nd5 14. Nxc6
Nxc6 15. Bxd5 Rac8 16. Qg4 Qf6 17. Be4 Ne7 18. Bf4 Qe6 19. Qxe6 fxe6 20. Bd6
Rf7 21. Bxe7 Rxe7 22. Rfe1 Rcc7 23. Re3 Bb7 24. Bxb7 Rxb7 25. Rae1 Rf7 26. Re5
Rfd7 27. f4 Rd5 28. Rxd5 exd5 29. Re5 Rd7 30. Kf2 a6 31. Ke2 Rd6 32. h3 Rf6 33.
g3 Kf7 34. Kf3 Kg6 35. Kf2 1/2-1/2